Selected Poems

Sparad:
Bibliografiska uppgifter
Huvudupphovsman: Wordsworth, William
Materialtyp: Bok
Språk:Undetermined
Publicerad: Londres, Inglaterra Penguin Classics 1994
Ämnen:
Taggar: Lägg till en tagg
Inga taggar, Lägg till första taggen!

MARC

LEADER 00000nam a2200000Ia 4500
008 170316s9999 xx 000 0 und d
040 |a cru BVZT 
090 |a 820 W-15se 
100 |a Wordsworth, William 
245 |a Selected Poems 
260 |a Londres, Inglaterra 
260 |b Penguin Classics 
260 |c 1994 
300 |a 587 páginas 
650 |a LITERATURA INGLESA 
999 |c 7258  |d 7258 
942 |c 15 D  |h 820 W-15se  |2 z